00393nam a2200157Ia 450000500170000000800410001704000190005804100120007708200160008910000220010524500590012725000100018626000100019650400190020685000100022520241003090726.0131103s9999 xx 000 0 und d aLoreto College aEnglish a891.44bSHA aShastri, Shibnath aRamtanu Lahiri & tatkalin BangasamajcShibnath Shastri a360p. b22cm. aIncludes index aLCBED